000
00289nam a2200121 a 4500
001
4144
005
20140414132022.0
008
090317s19uu xx 00 eng d
050
_a
TR
_b
IF9 1999
100
_a
Endersby, Frank
245
_a
If you're happy and you know it!.
999
_c
113492
_d
113492